000 01111cam a2200301 a 4500
001 582002
003 ARRUPE
005 20160503105201.0
008 900523s1990 enk b 001 0 eng
010 _a 90039968
020 _a0862329205
020 _a0862329213 (pbk.)
040 _aDLC
_cDLC
_dDLC
043 _af-mz---
050 0 0 _aKSX120
_b.S234 1990
082 0 0 _a349.679
_a346.79
_220
100 1 _aSachs, Albie,
_d1935-
_924307
245 1 0 _aLiberating the law :
_bcreating popular justice in Mozambique /
_cAlbie Sachs, Gita Honwana Welch.
260 _aLondon ;
_aNew Jersey :
_bZed Books,
_c1990.
300 _a136 p. ;
_c23 cm.
504 _aIncludes bibliographical references and index.
650 0 _aLaw
_zMozambique
_xHistory.
_924308
650 0 _aJustice, Administration of
_zMozambique
_xHistory.
_924309
700 1 _aWelch, Gita Honwana.
_924310
906 _a7
_bcbc
_corignew
_d1
_eocip
_f19
_gy-gencatlg
942 _2lcc
_cMONOGRAPH
999 _c124784
_d124784